A Guide To the Project Management Body of Knowledge (Record no. 609667)
[ view plain ]
| 000 -LEADER | |
|---|---|
| fixed length control field | 00413nam a22001337a 4500 |
| 020 ## - INTERNATIONAL STANDARD BOOK NUMBER | |
| International Standard Book Number | 9781628251845 |
| 040 ## - CATALOGING SOURCE | |
| Transcribing agency | NUST |
| 082 ## - DEWEY DECIMAL CLASSIFICATION NUMBER | |
| Classification number | 658.404 |
| Author Mark | GUI |
| 100 ## - MAIN ENTRY--PERSONAL NAME | |
| Personal name | Guide Pmbok |
| 9 (RLIN) | 91910 |
| 245 ## - TITLE STATEMENT | |
| Title | A Guide To the Project Management Body of Knowledge |
| 260 ## - PUBLICATION, DISTRIBUTION, ETC. | |
| Place of publication, distribution, etc. | Newtown Square PA: |
| Name of publisher, distributor, etc. | Project Management Institute, |
| Date of publication, distribution, etc. | 2017. |
| 650 ## - SUBJECT ADDED ENTRY--TOPICAL TERM | |
| Topical term or geographic name entry element | A Guide To the Project Management Body of Knowledge |
| 9 (RLIN) | 91911 |
| 942 ## - ADDED ENTRY ELEMENTS (KOHA) | |
| Source of classification or shelving scheme | |
| Koha item type | Book |
| Withdrawn status | Lost status | Source of classification or shelving scheme | Damaged status | Not for loan | Permanent Location | Current Location | Shelving location | Date acquired | Total Checkouts | Full call number | Barcode | Date last seen | Price effective from | Koha item type |
|---|---|---|---|---|---|---|---|---|---|---|---|---|---|---|
| College of Electrical & Mechanical Engineering (CEME) | College of Electrical & Mechanical Engineering (CEME) | General Stacks | 06/11/2024 | 658.404 GUI | CEME- 49332 | 06/11/2024 | 06/11/2024 | Book | ||||||
| College of Electrical & Mechanical Engineering (CEME) | College of Electrical & Mechanical Engineering (CEME) | General Stacks | 06/11/2024 | 658.404 GUI | CEME- 49333 | 06/11/2024 | 06/11/2024 | Book |
